|
|
|
|
| LEADER |
00826nta a2200217 i 4500 |
| 001 |
dipl113236 |
| 005 |
20210419131124.0 |
| 008 |
210419s1985 hu om 0|| zxx d |
| 040 |
|
|
|a SZTE Diploma Repozitórium
|b hun
|
| 041 |
|
|
|a zxx
|
| 100 |
1 |
|
|a Széky Miklós
|
| 245 |
1 |
0 |
|a Salgótarján és környékének komplex földrajzi feldolgozása
|h [elektronikus dokumentum] /
|c Miklós Széky
|
| 260 |
|
|
|c 1985
|
| 650 |
|
4 |
|a Pedagógusképzés
|
| 650 |
|
4 |
|a Natural sciences
|
| 650 |
|
4 |
|a Physical geography
|
| 650 |
|
4 |
|a Social sciences
|
| 650 |
|
4 |
|a Social and economic geography
|
| 700 |
1 |
|
|a nincs megadva
|e ths
|
| 856 |
4 |
0 |
|u http://diploma.bibl.u-szeged.hu/id/eprint/113236/1/1985_szeky_miklos.pdf
|z Dokumentum-elérés
|
| 856 |
4 |
0 |
|u http://diploma.bibl.u-szeged.hu/id/eprint/113236/2/1985_szeky_miklos_melleklet.zip
|z Dokumentum-elérés
|